Normal view MARC view

Entry Personal Name

Number of records used in: 1

001 - CONTROL NUMBER

  • control field: 40389

003 - CONTROL NUMBER IDENTIFIER

  • control field: dpl

005 - DATE AND TIME OF LATEST TRANSACTION

  • control field: 20120130134228.0

008 - FIXED-LENGTH DATA ELEMENTS

  • fixed length control field: 120130|||a|||||| | ||| d

040 ## - CATALOGING SOURCE

  • Original cataloging agency: dpl
  • Transcribing agency: dpl

100 ## - HEADING--PERSONAL NAME

  • Personal name: कालभोर, गोपीनाथ

670 ## - SOURCE DATA FOUND

  • Source citation: Work cat.: (dpl)8290: कालभोर, गोपीनाथ, प्रौढ़ एवं सतत्-शिक्षा में ग्रन्थालयों की भूमिका, 2006

670 ## - SOURCE DATA FOUND

  • Source citation: Work cat.: (dpl)8290: कालभोर, गोपीनाथ, प्रौढ़ एवं सतत्-शिक्षा में ग्रन्थालयों की भूमिका, 2006

© Delhi Public Library
Hit Counter
free hit counter